| 000 | 00823nmc a2200277 a 4500 | ||
|---|---|---|---|
| 003 | AR-BaBNM | ||
| 005 | 20251128211542.0 | ||
| 008 | 224120s2001 ||||||||||||||000 | spa|| | ||
| 020 | _a958-20-0615-3 | ||
| 040 | _cAR-BaBNM | ||
| 100 | 1 | _aDíaz Villa, Mario | |
| 245 | 1 | 0 |
_aDel discurso pedagógico : problemas críticos _bpoder, control y discurso pedagógico |
| 260 |
_aBogotá _bCooperativa Editorial Magisterio _c2001 |
||
| 300 | 0 |
_a223 p. _btablas |
|
| 490 | 0 | _aSeminarium | |
| 504 | _aContiene referencias bibliográficas p. 219-223 | ||
| 600 | 1 | 4 | _aBernstein, Basil |
| 650 | 4 | _aPEDAGOGIA | |
| 650 | 4 | _aSOCIOLINGUISTICA | |
| 650 | 4 | _aSOCIOLOGIA DE LA EDUCACION | |
| 653 | _aANALISIS DEL DISCURSO | ||
| 653 | _aEDUCACION Y PODER | ||
| 653 | _aTEORIA DEL CURRICULUM | ||
| 942 | _cBK | ||
| 998 | _craquel | ||
| 999 |
_c20155 _d20155 |
||